मि.इल्यीन,ये.सेगाल कृत मनुष्य महाबली कैसे बना/ (Record no. 55838)
[ view plain ]
| 000 -LEADER | |
|---|---|
| fixed length control field | 01348 a2200217 4500 |
| 005 - DATE AND TIME OF LATEST TRANSACTION | |
| control field | 20110823163221.0 |
| 010 ## - LCCN (DPL NO) | |
| LC control number | G-001024 |
| 020 ## - INTERNATIONAL STANDARD BOOK NUMBER | |
| International Standard Book Number | 8190155350 |
| Terms of availability | 200.00 |
| 035 ## - SYSTEM CONTROL NUMBER | |
| System control number | G-001024 |
| 037 ## - SOURCE OF ACQUISITION | |
| Source of stock number/acquisition | विज्ञान शिक्षा संस्थान |
| 082 ## - DEWEY DECIMAL CLASSIFICATION NUMBER | |
| Classification number | 573.2 |
| 245 ## - TITLE STATEMENT | |
| Title | मि.इल्यीन,ये.सेगाल कृत मनुष्य महाबली कैसे बना/ |
| Statement of responsibility, etc | हर्षवर्धन द्वारा अनुदित तथा संपादित |
| 260 ## - PUBLICATION, DISTRIBUTION, ETC. (IMPRINT) | |
| Place of publication, distribution, etc | गाजियाबाद |
| Name of publisher, distributor, etc | विज्ञान शिक्षा संस्थान, |
| Date of publication, distribution, etc | 2005 |
| 270 ## - ADDRESS | |
| Address | 78 ब्लाक बी, सूर्यनगर |
| City | गाजियाबाद |
| 300 ## - PHYSICAL DESCRIPTION | |
| Extent | 136पृ. |
| Dimensions | 24सेमी(सजिल्द) |
| Other physical details | (सचित्र) |
| 600 ## - SUBJECT ADDED ENTRY--PERSONAL NAME | |
| Personal name | सेगाल,ये.,इल्यीन,मि. |
| 700 ## - ADDED ENTRY--PERSONAL NAME | |
| Personal name | हर्षवर्धन संपादित तथा अनुदित |
| 9 (RLIN) | 33446 |
| 942 ## - ADDED ENTRY ELEMENTS (KOHA) | |
| Institution code [OBSOLETE] | dpl |
| Item type | Hindi Books |
| Call number prefix | 573.2 / मिइल्यी |
| Source of classification or shelving scheme | Dewey Decimal Classification |
| Classification part | 573.2 |
| Call number suffix | मिइल्यी |
| Withdrawn status | Lost status | Not for loan | Collection code | Home library | Current library | Date acquired | Cost, normal purchase price | Full call number | Barcode | Copy number | Cost, replacement price | Koha item type |
|---|---|---|---|---|---|---|---|---|---|---|---|---|
| Non-fiction | Katevara | Katevara | 23/08/2011 | 200.00 | 573.2 मिइल्यी | G-001024 | 1 | 200.00 | Hindi Books |
